<?xml version="1.0" encoding="UTF-8"?>
<collection xmlns="http://www.loc.gov/MARC21/slim">
    <record>
        <controlfield tag="001">85829</controlfield>
        <controlfield tag="005">20191119144726.0</controlfield>
        <datafield tag="037" ind1=" " ind2=" ">
            <subfield code="a">TAZ-TFG-2019-503</subfield>
        </datafield>
        <datafield tag="041" ind1=" " ind2=" ">
            <subfield code="a">spa</subfield>
        </datafield>
        <datafield tag="100" ind1="1" ind2=" ">
            <subfield code="a">Herrero Gómez, Ana Isabel</subfield>
        </datafield>
        <datafield tag="242" ind1="0" ind2="0">
            <subfield code="a">Standardized care plan for a transgender patient on hormonal treatment</subfield>
        </datafield>
        <datafield tag="245" ind1="0" ind2="0">
            <subfield code="a">Plan de cuidados estandarizado ante un paciente transgénero en tratamiento hormonal.</subfield>
        </datafield>
        <datafield tag="260" ind1=" " ind2=" ">
            <subfield code="a">Zaragoza</subfield>
            <subfield code="b">Universidad de Zaragoza</subfield>
            <subfield code="c">2019</subfield>
        </datafield>
        <datafield tag="506" ind1=" " ind2=" ">
            <subfield code="a">by-nc-sa</subfield>
            <subfield code="b">Creative Commons</subfield>
            <subfield code="c">3.0</subfield>
            <subfield code="u">http://creativecommons.org/licenses/by-nc-sa/3.0/</subfield>
        </datafield>
        <datafield tag="520" ind1=" " ind2=" ">
            <subfield code="a">Introducción: Las personas transgénero son aquellas que no se identifican con el sexo asignado al nacer. Este colectivo presenta una mayor incidencia de problemas de salud como la ansiedad o la depresión, pero se encuentran bastante invisibilizados dentro del sistema de Salud, por lo que la capacitación del personal que los atiende no es adecuada.  Objetivos: El objetivo de este trabajo es proponer un plan de cuidados de enfermería que identifique los principales problemas del colectivo trans y proponga los diagnósticos de enfermería, resultados e intervenciones oportunos.  Metodología: Para realizar este plan de cuidados, se realizó una búsqueda bibliográfica en varias bases de datos (Pubmed, Cuiden, ScienceDirect…) y posteriormente se elaboró un plan de cuidados estandarizado siguiendo la metodología del modelo de Virginia Henderson y las taxonomías NANDA, NOC y NIC, seleccionándose los diagnósticos de enfermería, resultados e intervenciones más oportunos. Desarrollo: En el plan de cuidados se desarrollan tres diagnósticos enfermeros: Disconfort, Conocimientos deficientes y riesgo de baja autoestima situacional. El plan de cuidados se centra en dar información completa al paciente sobre su tratamiento hormonal y en disminuir el impacto de la discriminación en la persona. Conclusión: La mayoría de problemas identificados se organizan entorno al área psicológica, clasificándose en la necesidad 9 (Detectar y evitar peligros, y evitar perjudicar a otros) y 10 (Comunicarse con los demás expresando emociones, necesidades, temores u opiniones) de Virginia Henderson. Una correcta valoración y planificación son necesarias para proporcionar cuidados enfermeros adecuados para este tipo de pacientes.  Palabras clave: Personas Transgénero, Transexualismo, Disforia de género, Atención de Enfermería, Proceso de Enfermería.&lt;br /></subfield>
        </datafield>
        <datafield tag="521" ind1=" " ind2=" ">
            <subfield code="a">Graduado en Enfermería</subfield>
        </datafield>
        <datafield tag="540" ind1=" " ind2=" ">
            <subfield code="a">Derechos regulados por licencia Creative Commons</subfield>
        </datafield>
        <datafield tag="700" ind1=" " ind2=" ">
            <subfield code="a">Hijós Larraz, Luis Alfonso</subfield>
            <subfield code="e">dir.</subfield>
        </datafield>
        <datafield tag="700" ind1=" " ind2=" ">
            <subfield code="a">Barajas Gracia, Cristina</subfield>
            <subfield code="e">dir.</subfield>
        </datafield>
        <datafield tag="710" ind1="2" ind2=" ">
            <subfield code="a">Universidad de Zaragoza</subfield>
            <subfield code="b">Fisiatría y Enfermería</subfield>
            <subfield code="c">Enfermería</subfield>
        </datafield>
        <datafield tag="856" ind1="0" ind2=" ">
            <subfield code="f">721254@celes.unizar.es</subfield>
        </datafield>
        <datafield tag="856" ind1="4" ind2=" ">
            <subfield code="s">1077038</subfield>
            <subfield code="u">http://zaguan.unizar.es/record/85829/files/TAZ-TFG-2019-503.pdf</subfield>
            <subfield code="y">Memoria (spa)</subfield>
        </datafield>
        <datafield tag="909" ind1="C" ind2="O">
            <subfield code="o">oai:zaguan.unizar.es:85829</subfield>
            <subfield code="p">driver</subfield>
            <subfield code="p">trabajos-fin-grado</subfield>
        </datafield>
        <datafield tag="950" ind1=" " ind2=" ">
            <subfield code="a"></subfield>
        </datafield>
        <datafield tag="951" ind1=" " ind2=" ">
            <subfield code="a">deposita:2019-11-19</subfield>
        </datafield>
        <datafield tag="980" ind1=" " ind2=" ">
            <subfield code="a">TAZ</subfield>
            <subfield code="b">TFG</subfield>
            <subfield code="c">ENFHUES</subfield>
        </datafield>
        <datafield tag="999" ind1=" " ind2=" ">
            <subfield code="a">20190425101803.CREATION_DATE</subfield>
        </datafield>
    </record>

    
</collection>